Quizzes
Events
Quiz Creation
Community
Videos
Private Events
Remove Ads
Sign In
Join for FREE
Feedback
Dark Mode
Quiz Categories
Sports
Geography
Music
Movies
Television
Just For Fun
Miscellaneous
History
Literature
Language
Science
Gaming
Entertainment
Religion
Holiday
For Kids
Quiz Lab
Recent
Popular Today
Quiz Kudos Today
Editor Picks
Curator Picks
Quizzes by...
Day
Popularity
Type
Ratings
Length
Year
Community
Subscriptions
Recent Discussions
Orange Saloon
Badges
Playlists
Quests
Create
Leaderboards
Showdown
Live 5
Trivia Bingo
Activity
Puzzle Library
Sporcle Events
Private Events
Virtual Trivia
Globe League
Become a Host
Pub Owners
SporcleCon
Opinionation
Our Games
Videos
Blog
Mobile Apps
Partnerships
Remove Ads and Go Orange
Feedback
Television
TV Characters
TV Show
Sitcom
Network
Friends
Reality Shows
Cast
South Park
Star Trek
The Simpsons
Doctor Who
Television
TV Characters
TV Show
Sitcom
Network
Friends
Reality Shows
Cast
South Park
Star Trek
The Simpsons
Doctor Who
Random Quiz
Search Sporcle
×
Quiz Lab
Quiz Lab
Television
United States
Type in answers that appear in a list
Type in answers that appear in a list
Classic
Best Score? Go Orange.
The Apprentice (US) Firsts Stats
Can you name the first time the following moments happened on The Apprentice (USA)?
By
EricVG16
13m
24 Questions
32 Plays
32 Plays
32 Plays
Comments
Comments
Give Quiz Kudos
Give Quiz Kudos
-
- Ratings
hide this ad
Replay
Link that replays current quiz
Next Quiz
Link to next quiz in quiz playlist
You Got
0%
They Got
Avg Score
54%
Avg Friend Score
Upgrade to see
Score Distribution
Jump to the score distribution portion of the page
Score
0/24
Timer
13:00
0
Plays Today
First
Contestant
% Correct
First Apprentice
Bill Rancic
81.3%
First runner-
up
Kwame Jackson
78.1%
First contestant fired
David Gould
71.9%
First female Apprentice
Kendra Todd
71.9%
First female runner up
Jennifer Massey
65.6%
First person to go 0-
3 as PM
Omarosa
65.6%
First Apprentice winner with a loss as PM
Piers Morgan
65.6%
First woman fired
Kristi Frank
59.4%
First person with three losses as PM
Troy McClain
59.4%
First immune PM to be fired
Bradford Cohen
59.4%
First winner without a winning PM record
Joan Rivers
59.4%
First contestant to be re-
admitted
LaToya Jackson
59.4%
First
Contestant
% Correct
First Project Manager fired
Jason Curis
56.3%
First celebrity to be fired
Tiffany Fallon
53.1%
First person to be PM two weeks in a row
Gene Simmons
53.1%
First contestant to quit
Verna Felton
50%
First woman to be fired first
Melissa Holovach
50%
First Apprentice winner on a tape delay
Brandy Kuentzel
43.8%
First person with a winning record to be fired
Jessie Connors
40.6%
First person to be PM four times
Lee Bienstock
40.6%
First Olympian to appear on the show
Angela Ruggiero
37.5%
First celebrity to be absent for a task
Brian McKnight
31.3%
First person to be fired before the final boardroom
Derek Arteta
28.1%
First female Apprentice who beat a male
Stefani Schaefer
21.9%
Quiz Playlist
Details
Report
Send in Message
Add To Playlist
Classic:
Type in answers that appear in a list
Last Updated: Feb 16, 2017
Quiz Scoreboard
CHALLENGE
Sign Up to Join the Scoreboard
Show All
Scores
Hide
Comments
May contain spoilers
Recently Published
Click the 1999 NBA Draft
by nibperrychub
Sports
2m
Alphabetical 'K' Countries by Flag Minefield
by ylime102
Geography
3m
Pick 6: Fruits
by JohnFran
Miscellaneous
15s
More to Explore
Quiz From the Vault
Featured Blog Post
15 Basketball Trivia Facts You Can Be March Mad About
hide this ad
You Might Also Like...
Tags
United States Quiz
apprentice
moment
The Apprentice
Today's Top Quizzes in Television
Browse Television
hide this ad
Today's Top Quizzes in United States
Browse United States
Top Contributed Quizzes in Television
1
Hidden Simpsons Character
2
First Name TV: Leading Men
3
Hidden Simpsons Character XXIV
4
First Name TV: Leading Women Drama
5
Pick A Pair: Religious TV
6
Hidden Simpsons Character XXV
7
Demon Slayer Impossible Quiz
8
Hidden Simpsons Character XXVI
9
One Piece Logic Puzzle
10
I See Dead People
Explore More
Trending Topics
Anime
Crossword
Kpop
Marvel
NBA
Disney
Harry Potter
Song
NFL
Soccer
Puzzle
Country
The Office
WWE
Pokémon
hide this ad
More By:
EricVG16
Quiz
Plays
Rating
Category
Featured
Created
Belgium 1986 Squad
288
4.33
Sports
Jun 16, 2011
2002 Belgium Squad
241
Sports
Jun 15, 2011
Goalscorers for Belgium
106
1.00
Sports
Jun 15, 2011
The Apprentice (US) Firsts
32
Television
Nov 26, 2011
Actors nominated for Martin Ritt films
26
1.00
Entertainment
Sep 15, 2011
Go to Creator's Profile
Score Distribution
Quiz Creator Spotlight
EricVG16
Follow
Send a Message
Quizzes Created
-
Created Quiz Play Count
-
More By This Creator
Popular Quizzes Today
1
Countries of Asia Without Outlines Minefield
2
Find the US States - No Outlines Minefield
3
Pick 6: Fruits
4
Alphabetical 'K' Countries by Flag Minefield
5
The Countries of the World
6
Find the US States
7
US States
8
Match the Book to the Film X
More Television Quizzes
Doctor Who: Sarah Jane Minefield
Quiz Lab
Trending Quizzes
Pick 6: Mountains
Pick 6: Harry Potter
Pick 6: NFL Teams
Pick 6: Movie Franchises
Pick 6: Golfers
Recently Updated
NWSL Teams
pecheneg
Women's Final Four Teams by Year
bhenderson79
Presidents Quartet II
eogle
Anything But Clue(do)
eogle
Anything But Oceanian Capitals
eogle
Anything But 7
eogle
Anything But Thing
eogle
Word Ladder: February 29
pecheneg
Song Title Questions
pecheneg
Women's NCAA Tournament #1 Seeds
pecheneg
Trending Topics
Kpop
Disney
Marvel
Harry Potter
Crossword
Anime
NBA
The Office
Puzzle
Pokémon
Soccer
Country
NFL
Song
WWE
Your Account Isn't Verified!
In order to create a playlist on Sporcle, you need to verify the email address you used during registration. Go to your
Sporcle Settings
to finish the process.
Report this User
Report this user for behavior that violates our
Community Guidelines
.
Details:
Send Report
Go to the Sporcle.com Mobile Site →
Comments